[Event "Gibraltar Challengers-B 12th"]
[Site "Caleta"]
[Date "2014.02.05"]
[Round "5"]
[White "Suez Panama, Gilles"]
[Black "Bird, Andrew"]
[Result "1/2-1/2"]
[WhiteElo "2071"]
[BlackElo "2173"]
[PlyCount "93"]
[EventDate "2014.02.01"]
[EventType "swiss"]
[EventRounds "5"]
[EventCountry "GGB"]
[SourceTitle "CBM 158 Extra"]
[Source "ChessBase"]
[SourceDate "2014.02.28"]
[SourceVersion "1"]
[SourceVersionDate "2014.02.28"]
[SourceQuality "1"]

1. d4 Nf6 2. Nf3 e6 3. c4 b6 4. a3 Bb7 5. Nc3 Ne4 6. Nxe4 Bxe4 7. Nd2 Bg6 8. g3 Nc6 9. e3 e5 10. d5 Na5 11. b4 Nb7 12. Bb2 Bd6 13. Bg2 0-0 14. 0-0 Qe7 15. Qb3 a5 16. Bc3 Bd3 17. Rfe1 e4 18. Qb2 f5 19. Bf1 Bxf1 20. Nxf1 Ra7 21. Reb1 Rfa8 22. Nd2 h5 23. h4 Kh7 24. Nb3 axb4 25. axb4 Bxb4 26. Nd4 Bxc3 27. Qxc3 Qf6 28. Rxa7 Rxa7 29. Ra1 Rxa1+ 30. Qxa1 Na5 31. Qd1 g6 32. Qa4 Qd6 33. Kg2 c6 34. dxc6 dxc6 35. c5 Qxc5 36. Ne6 Qe7 37. Ng5+ Kg8 38. Qa2+ Kf8 39. Qb2 Ke8 40. Qxb6 Qd8 41. Qa7 Qd5 42. Qb8+ Kd7 43. Nh7 Qb5 44. Nf8+ Ke7 45. Nxg6+ Kf7 46. Qd6 Nc4 47. Qe7+ 1/2-1/2

[Event "Kecskemet Caissa IM 01"]
[Site "Kecskemet"]
[Date "2014.01.21"]
[Round "5"]
[White "Petrisor, Adrian Marian"]
[Black "Bird, Andrew"]
[Result "1-0"]
[WhiteElo "2404"]
[BlackElo "2205"]
[PlyCount "65"]
[EventDate "2014.01.19"]
[EventType "tourn"]
[EventRounds "14"]
[EventCountry "HUN"]
[EventCategory "2"]
[SourceTitle "CBM 158 Extra"]
[Source "ChessBase"]
[SourceDate "2014.02.28"]
[SourceVersion "1"]
[SourceVersionDate "2014.02.28"]
[SourceQuality "1"]

1. Nf3 d5 2. g3 c6 3. Bg2 Bg4 4. 0-0 e6 5. c4 Nf6 6. d4 Nbd7 7. Nc3 Be7 8. Nd2 0-0 9. h3 Bh5 10. Qb3 c5 11. e3 Nb6 12. dxc5 Bxc5 13. cxd5 Nbxd5 14. Nxd5 Nxd5 15. Ne4 Bb6 16. g4 Bg6 17. Rd1 Qe7 18. Bd2 Rfd8 19. Be1 Rd7 20. a4 Rad8 21. Rac1 Rc7 22. Rxc7 Bxc7 23. Ng3 Bxg3 24. fxg3 b6 25. Kh2 Rc8 26. e4 Nf6 27. Qd3 h6 28. Bc3 Rc7 29. Qe3 Qc5 30. Rd8+ Kh7 31. Qf4 Qe7 32. Ra8 Rd7 33. Qb8 1-0

[Event "Kecskemet Caissa IM 01"]
[Site "Kecskemet"]
[Date "2014.01.20"]
[Round "2"]
[White "Bird, Andrew"]
[Black "Orso, Miklos"]
[Result "0-1"]
[WhiteElo "2205"]
[BlackElo "2309"]
[PlyCount "88"]
[EventDate "2014.01.19"]
[EventType "tourn"]
[EventRounds "14"]
[EventCountry "HUN"]
[EventCategory "2"]
[SourceTitle "CBM 158 Extra"]
[Source "ChessBase"]
[SourceDate "2014.02.28"]
[SourceVersion "1"]
[SourceVersionDate "2014.02.28"]
[SourceQuality "1"]

1. Nf3 g6 2. c4 Bg7 3. d4 Nf6 4. g3 0-0 5. Bg2 c6 6. Nc3 d6 7. 0-0 Nbd7 8. e4 e5 9. h3 Re8 10. Be3 a5 11. Qc2 a4 12. Rfd1 exd4 13. Nxd4 Qa5 14. Rab1 Qb4 15. Bf1 Nc5 16. Ncb5 Ncxe4 17. Nc7 Bd7 18. Nxa8 Rxa8 19. Bg2 Re8 20. Re1 h5 21. Rbd1 c5 22. Nf3 Be6 23. Bf1 Bf5 24. Qc1 Nd7 25. Re2 Nb6 26. Bh6 Qxc4 27. Rxe4 Qxe4 28. Re1 Qc6 29. Bxg7 Kxg7 30. Qc3+ f6 31. Nd4 Qd7 32. Nxf5+ gxf5 33. Rxe8 Qxe8 34. Qf3 d5 35. Qxf5 Qe5 36. Qc2 c4 37. a3 h4 38. Kh2 hxg3+ 39. fxg3 d4 40. Qd1 d3 41. Qg4+ Kf8 42. Qf4 Qxf4 43. gxf4 Nd5 44. Bg2 Ne3 0-1

[Event "Kecskemet Caissa IM 12"]
[Site "Kecskemet"]
[Date "2014.01.04"]
[Round "9"]
[White "Marosi, Levente"]
[Black "Bird, Andrew"]
[Result "0-1"]
[WhiteElo "2067"]
[BlackElo "2229"]
[PlyCount "124"]
[EventDate "2013.12.27"]
[EventType "tourn"]
[EventRounds "9"]
[EventCountry "HUN"]
[SourceTitle "CBM 158 Extra"]
[Source "ChessBase"]
[SourceDate "2014.02.28"]
[SourceVersion "1"]
[SourceVersionDate "2014.02.28"]
[SourceQuality "1"]

1. e4 e5 2. Nf3 Nc6 3. Bb5 a6 4. Ba4 Nf6 5. 0-0 Nxe4 6. d4 b5 7. Bb3 d5 8. dxe5 Be6 9. Nbd2 Nc5 10. c3 Be7 11. Bc2 d4 12. cxd4 Nxd4 13. Nxd4 Qxd4 14. Nf3 Qxd1 15. Rxd1 0-0 16. Ng5 h6 17. Nxe6 Nxe6 18. Be3 Rad8 19. Be4 Bg5 20. Bxg5 hxg5 21. Kf1 c5 22. g3 a5 23. Rac1 c4 24. Ke2 Nc5 25. Ke3 g6 26. f4 gxf4+ 27. gxf4 Kg7 28. Bc2 Rxd1 29. Rxd1 Rh8 30. Rd2 Rh3+ 31. Kd4 Ne6+ 32. Kd5 Nxf4+ 33. Kc5 Nd3+ 34. Bxd3 Rxd3 35. Re2 c3 36. bxc3 Rxc3+ 37. Kxb5 Ra3 38. Kc5 Kf8 39. Kd6 Rd3+ 40. Kc5 Ke7 41. Kc4 Rd7 42. Rb2 Ke6 43. a4 Rd5 44. Rb5 Rxe5 45. Rb6+ Kf5 46. Rb5 f6 47. Rb6 Kg5 48. h4+ Kxh4 49. Rxf6 g5 50. Kd4 Re1 51. Rf5 g4 52. Rxa5 g3 53. Ra8 g2 54. Rg8 g1Q+ 55. Rxg1 Rxg1 56. Kc5 Ra1 57. Kb5 Kg5 58. a5 Kf6 59. a6 Ke7 60. Kb6 Kd7 61. Kb7 Rb1+ 62. Ka8 Kc6 0-1

[Event "Kecskemet Caissa IM 12"]
[Site "Kecskemet"]
[Date "2014.01.03"]
[Round "8"]
[White "Bird, Andrew"]
[Black "Fang, Yuxiang"]
[Result "1/2-1/2"]
[WhiteElo "2229"]
[BlackElo "2189"]
[PlyCount "108"]
[EventDate "2013.12.27"]
[EventType "tourn"]
[EventRounds "9"]
[EventCountry "HUN"]
[SourceTitle "CBM 158 Extra"]
[Source "ChessBase"]
[SourceDate "2014.02.28"]
[SourceVersion "1"]
[SourceVersionDate "2014.02.28"]
[SourceQuality "1"]

1. Nf3 Nf6 2. c4 c6 3. d4 d5 4. e3 Bg4 5. h3 Bh5 6. Nc3 e6 7. Qb3 Qb6 8. Ne5 Nbd7 9. g4 Bg6 10. Nxg6 hxg6 11. Bg2 Qa6 12. Bf1 Qb6 13. Bg2 Qa6 14. cxd5 exd5 15. Bd2 Bd6 16. 0-0-0 0-0-0 17. Kb1 Kb8 18. f3 Ka8 19. Bc1 Qb6 20. e4 Qxb3 21. axb3 Bb4 22. e5 Ng8 23. f4 Ne7 24. h4 f5 25. exf6 Nxf6 26. Bf3 Nc8 27. Ne2 Nd6 28. Ng3 Rde8 29. h5 gxh5 30. Nxh5 Nxh5 31. Rxh5 Rxh5 32. gxh5 a5 33. Kc2 Be1 34. Kd3 Bh4 35. Rh1 Bf6 36. Bg4 Rf8 37. h6 gxh6 38. Rxh6 Nb5 39. Be3 Bxd4 40. f5 Bxb2 41. Bc5 Rg8 42. f6 Bxf6 43. Rxf6 b6 44. Rf8+ Rxf8 45. Bxf8 Kb7 46. Bh6 Nd6 47. Bf3 Ne4 48. Bxe4 dxe4+ 49. Kxe4 Ka6 50. Kd3 a4 51. bxa4 Ka5 52. Be3 c5 53. Kc4 Kxa4 54. Bxc5 bxc5 1/2-1/2

[Event "Kecskemet Caissa IM 12"]
[Site "Kecskemet"]
[Date "2013.12.30"]
[Round "4"]
[White "Papp, Petra"]
[Black "Bird, Andrew"]
[Result "1-0"]
[WhiteElo "2305"]
[BlackElo "2229"]
[PlyCount "99"]
[EventDate "2013.12.27"]
[EventType "tourn"]
[EventRounds "9"]
[EventCountry "HUN"]
[SourceTitle "CBM 158 Extra"]
[Source "ChessBase"]
[SourceDate "2014.02.28"]
[SourceVersion "1"]
[SourceVersionDate "2014.02.28"]
[SourceQuality "1"]

1. d4 d5 2. c4 c6 3. Nc3 Nf6 4. e3 a6 5. Nf3 Bf5 6. Bd3 Bxd3 7. Qxd3 e6 8. 0-0 Bb4 9. Bd2 0-0 10. Rfd1 a5 11. a3 Be7 12. e4 dxe4 13. Nxe4 Nxe4 14. Qxe4 Nd7 15. a4 Qb6 16. Bf4 Rfe8 17. Qe2 Rad8 18. Rd3 c5 19. d5 exd5 20. Rxd5 Nf8 21. Rad1 Rxd5 22. cxd5 Ng6 23. Be3 Qc7 24. Qc4 Bd6 25. g3 h6 26. Rd3 f5 27. Qb5 Rf8 28. Bd2 b6 29. Rb3 Rb8 30. Re3 Kh7 31. Re6 Nf8 32. Re8 Rxe8 33. Qxe8 Qd7 34. Qxd7 Nxd7 35. Bc3 g5 36. Kf1 Kg6 37. Ke2 g4 38. Nd2 Be5 39. Nc4 Bxc3 40. bxc3 Kf6 41. Ke3 Kg5 42. f3 h5 43. f4+ Kh6 44. Ne5 Nf8 45. d6 Ne6 46. d7 Nd8 47. Kd3 Kg7 48. Kc4 Kf6 49. Kb5 Ke6 50. Nc6 1-0

[Event "Kecskemet Caissa IM 12"]
[Site "Kecskemet"]
[Date "2013.12.29"]
[Round "3"]
[White "Bird, Andrew"]
[Black "Holm, Kristian Stuvik"]
[Result "0-1"]
[WhiteElo "2229"]
[BlackElo "2297"]
[PlyCount "74"]
[EventDate "2013.12.27"]
[EventType "tourn"]
[EventRounds "9"]
[EventCountry "HUN"]
[SourceTitle "CBM 158 Extra"]
[Source "ChessBase"]
[SourceDate "2014.02.28"]
[SourceVersion "1"]
[SourceVersionDate "2014.02.28"]
[SourceQuality "1"]

1. Nf3 d5 2. c4 e6 3. g3 Nf6 4. Bg2 dxc4 5. Qa4+ Nbd7 6. 0-0 a6 7. Qxc4 b5 8. Qc2 Bb7 9. d3 Be7 10. a4 c5 11. Na3 Qb6 12. e4 0-0 13. Qb3 c4 14. dxc4 Bxe4 15. Be3 Qb7 16. Ne1 Bxg2 17. Nxg2 b4 18. Rfd1 Nc5 19. Bxc5 Bxc5 20. Nc2 Ne4 21. Nce3 Ng5 22. h4 Nh3+ 23. Kf1 f5 24. Rd2 f4 25. gxf4 Nxf4 26. Nxf4 Rxf4 27. Ng2 Rf3 28. Qd1 Raf8 29. Qe1 Qf7 30. Kg1 Bxf2+ 31. Rxf2 Rxf2 32. Qe4 Rxb2 33. Rc1 b3 34. c5 Qf2+ 35. Kh1 Re2 36. Qb7 b2 37. Rg1 Qg3 0-1

[Event "London Classic op 5th"]
[Site "London"]
[Date "2013.12.15"]
[Round "9"]
[White "Hill, Alistair"]
[Black "Bird, Andrew"]
[Result "1-0"]
[WhiteElo "2097"]
[BlackElo "2229"]
[PlyCount "89"]
[EventDate "2013.12.07"]
[EventType "swiss"]
[EventRounds "9"]
[EventCountry "ENG"]
[SourceTitle "CBM 157 Extra"]
[Source "ChessBase"]
[SourceDate "2013.12.19"]
[SourceVersion "1"]
[SourceVersionDate "2013.12.19"]
[SourceQuality "1"]

1. Nf3 Nf6 2. g3 c5 3. Bg2 Nc6 4. 0-0 g6 5. c4 Bg7 6. d4 cxd4 7. Nxd4 0-0 8. Nc3 d6 9. Bg5 Nxd4 10. Qxd4 Be6 11. Qd3 Rb8 12. b3 a6 13. a4 Qa5 14. Bd2 Qh5 15. Rac1 Bf5 16. e4 Bd7 17. Rc2 Rfc8 18. Rfc1 Ng4 19. h4 Ne5 20. Qe3 Nc6 21. Nd5 Bd4 22. Qd3 Qe5 23. Bf4 Qg7 24. b4 Kf8 25. Rd2 Be5 26. Bg5 h6 27. Be3 Be6 28. b5 Bxd5 29. exd5 Nb4 30. Qb3 a5 31. Bb6 Ra8 32. f4 Bf6 33. Bh3 Rcb8 34. Qe3 Bb2 35. Rb1 Bc3 36. Re2 f5 37. g4 Rc8 38. gxf5 Rxc4 39. Rd1 Rac8 40. Rg2 R8c5 41. Bxc5 dxc5 42. Qe6 Bd4+ 43. Kh1 g5 44. hxg5 Rc2 45. gxh6 1-0

[Event "Crawley e2e4 Gatwick op 11"]
[Site "Crawley"]
[Date "2013.11.02"]
[Round "2"]
[White "Bird, Andrew"]
[Black "Hebden, Mark"]
[Result "0-1"]
[WhiteElo "2221"]
[BlackElo "2556"]
[PlyCount "66"]
[EventDate "2013.11.01"]
[EventType "swiss"]
[EventRounds "5"]
[EventCountry "ENG"]
[SourceTitle "EXT 2014"]
[Source "ChessBase"]
[SourceDate "2013.11.20"]
[SourceVersion "1"]
[SourceVersionDate "2013.11.20"]
[SourceQuality "1"]

1. d4 Nf6 2. Bg5 d5 3. Bxf6 exf6 4. e3 Bd6 5. g3 0-0 6. Bg2 c6 7. Nd2 f5 8. Ne2 Nd7 9. c4 dxc4 10. Nxc4 Bb4+ 11. Nc3 Nf6 12. 0-0 Be6 13. Ne5 Re8 14. Nd3 Bd6 15. Qc2 Qe7 16. Rab1 Rad8 17. Rfc1 h5 18. b4 h4 19. b5 hxg3 20. hxg3 Ng4 21. bxc6 bxc6 22. Qe2 Bc4 23. Na4 Bxd3 24. Qxd3 Qg5 25. Re1 Re6 26. Nc3 Qh5 27. e4 Bc5 28. Rbd1 Bxd4 29. Qxd4 Rxd4 30. Rxd4 f4 31. Nd1 fxg3 32. Rd8+ Kh7 33. f3 Qa5 0-1

[Event "Crawley e2e4 Gatwick op"]
[Site "Crawley"]
[Date "2013.10.30"]
[Round "8"]
[White "De Seroux, Camille"]
[Black "Bird, Andrew"]
[Result "0-1"]
[WhiteElo "2061"]
[BlackElo "2203"]
[PlyCount "110"]
[EventDate "2013.10.26"]
[EventType "swiss"]
[EventRounds "9"]
[EventCountry "ENG"]
[SourceTitle "EXT 2014"]
[Source "ChessBase"]
[SourceDate "2013.11.20"]
[SourceVersion "1"]
[SourceVersionDate "2013.11.20"]
[SourceQuality "1"]

1. e4 e5 2. Nf3 Nc6 3. d4 exd4 4. Nxd4 Nf6 5. Nc3 Bb4 6. Nxc6 bxc6 7. Bd3 d5 8. exd5 0-0 9. 0-0 cxd5 10. Bg5 c6 11. Qf3 Bd6 12. h3 Rb8 13. Rab1 Re8 14. b3 h6 15. Bxf6 Qxf6 16. Qxf6 gxf6 17. Ne2 c5 18. Ng3 Be6 19. Nh5 Be5 20. Rbd1 c4 21. Be2 Red8 22. f4 Bb2 23. Bf3 f5 24. Be2 Rdc8 25. g4 f6 26. Bf3 d4 27. Rfe1 d3 28. c3 Bxc3 29. Rxe6 Bd4+ 30. Kg2 c3 31. Rxd3 c2 32. Re1 Bb2 33. Bd5+ Kf8 34. Bc4 Re8 35. Rd2 Rxe1 36. Rxc2 Bd4 37. gxf5 Rg1+ 38. Kf3 Re8 39. Be6 Bb6 40. Nxf6 Rd8 41. Nd7+ Ke7 42. Ne5 Rf1+ 43. Kg2 Rdd1 44. Nc6+ Kd6 45. Ne5 Rg1+ 46. Kf3 Rdf1+ 47. Ke4 Re1+ 48. Kd3 Re3+ 49. Kc4 Re4+ 50. Kb5 Rxf4 51. Rc6+ Kxe5 52. Bd7 Rd4 53. Re6+ Kf4 54. Bc8 Rc1 55. Re8 Rd8 0-1

[Event "Crawley e2e4 Gatwick op"]
[Site "Crawley"]
[Date "2013.10.29"]
[Round "6"]
[White "Bird, Andrew"]
[Black "Vaarala, Eric"]
[Result "0-1"]
[WhiteElo "2203"]
[BlackElo "2289"]
[PlyCount "114"]
[EventDate "2013.10.26"]
[EventType "swiss"]
[EventRounds "9"]
[EventCountry "ENG"]
[SourceTitle "EXT 2014"]
[Source "ChessBase"]
[SourceDate "2013.11.20"]
[SourceVersion "1"]
[SourceVersionDate "2013.11.20"]
[SourceQuality "1"]

1. d4 d5 2. c4 c6 3. cxd5 cxd5 4. Bf4 Nc6 5. e3 Bf5 6. Nc3 e6 7. Qb3 Qd7 8. Nf3 Rc8 9. Bb5 f6 10. h3 a6 11. Bxc6 Rxc6 12. 0-0 Ne7 13. Rfe1 Ng6 14. Bg3 Be7 15. Rad1 0-0 16. e4 dxe4 17. Nxe4 Qd5 18. Qxd5 exd5 19. Nc3 Bb4 20. Re3 Bxc3 21. Rxc3 Rxc3 22. bxc3 Rc8 23. Rc1 Rc6 24. Nd2 b5 25. Nb3 h5 26. Nc5 Kf7 27. Ra1 Ne5 28. a4 Nd3 29. axb5 axb5 30. Ra7+ Kg6 31. Nxd3 Bxd3 32. Ra3 Re6 33. Ra1 Re2 34. Rd1 Bc4 35. Rc1 Kf5 36. f3 g5 37. Bd6 Re6 38. Bb8 g4 39. hxg4+ hxg4 40. fxg4+ Kxg4 41. Ra1 Re3 42. Rc1 Bd3 43. Kh2 Be4 44. Bd6 Re2 45. Rg1 f5 46. Bc7 f4 47. Kh1 Kg3 48. Ra1 Rxg2 49. Rg1 Rxg1+ 50. Kxg1 Kf3 51. Kf1 Ke3 52. Bd8 f3 53. Bh4 Bd3+ 54. Ke1 Be2 55. Bg3 Kd3 56. Bd6 Kxc3 57. Bc5 b4 0-1

[Event "Crawley e2e4 Gatwick op"]
[Site "Crawley"]
[Date "2013.10.27"]
[Round "2"]
[White "Bird, Andrew"]
[Black "Prior, Stephen"]
[Result "1-0"]
[WhiteElo "2203"]
[BlackElo "1990"]
[PlyCount "99"]
[EventDate "2013.10.26"]
[EventType "swiss"]
[EventRounds "9"]
[EventCountry "ENG"]
[SourceTitle "EXT 2014"]
[Source "ChessBase"]
[SourceDate "2013.11.20"]
[SourceVersion "1"]
[SourceVersionDate "2013.11.20"]
[SourceQuality "1"]

1. d4 g6 2. e4 Bg7 3. Nf3 d6 4. Be2 Nd7 5. 0-0 e5 6. Re1 Ne7 7. Be3 0-0 8. c3 h6 9. Nbd2 f5 10. exf5 Nxf5 11. Bc4+ Kh7 12. Nf1 exd4 13. Nxd4 Ne5 14. Bb3 Nxe3 15. Nxe3 Qg5 16. Re2 c5 17. Ne6 Bxe6 18. Bxe6 Nf3+ 19. Kh1 Nxh2 20. Bh3 Be5 21. Nc4 Rad8 22. Nxe5 dxe5 23. Qe1 Ng4 24. Bxg4 Qxg4 25. Rxe5 Rf7 26. Kg1 Rdf8 27. Re7 Qh4 28. Rxf7+ Rxf7 29. Rd1 b6 30. Rd2 Qf4 31. Re2 Qf6 32. Re6 Qf5 33. a3 Qf4 34. Re8 Qd6 35. g3 h5 36. Re6 Qd3 37. Re3 Qf5 38. Re4 Qf3 39. Re3 Qf5 40. Qe2 Qb1+ 41. Kg2 Qf5 42. Re5 Qd7 43. Qe4 Kg7 44. Re6 Kf8 45. Rxg6 Qd2 46. Qa8+ Ke7 47. Qxa7+ Kf8 48. Qb8+ Ke7 49. Qe5+ Kd7 50. Qe6+ 1-0

[Event "Crawley e2e4 Gatwick op"]
[Site "Crawley"]
[Date "2013.10.27"]
[Round "3"]
[White "Rudd, Jack"]
[Black "Bird, Andrew"]
[Result "0-1"]
[WhiteElo "2230"]
[BlackElo "2203"]
[PlyCount "50"]
[EventDate "2013.10.26"]
[EventType "swiss"]
[EventRounds "9"]
[EventCountry "ENG"]
[SourceTitle "EXT 2014"]
[Source "ChessBase"]
[SourceDate "2013.11.20"]
[SourceVersion "1"]
[SourceVersionDate "2013.11.20"]
[SourceQuality "1"]

1. e4 e5 2. d4 exd4 3. Qxd4 Nc6 4. Qe3 Nf6 5. Nc3 Bb4 6. Bd2 0-0 7. 0-0-0 Re8 8. Bc4 d6 9. f3 Ne5 10. Bb3 a5 11. a3 Bc5 12. Qe1 b5 13. Bg5 h6 14. Bh4 Ng6 15. Bg3 a4 16. Ba2 b4 17. axb4 Bxb4 18. Rd4 c5 19. Rxd6 Qa5 20. Rxf6 gxf6 21. Qe3 a3 22. Nd5 Bd2+ 23. Qxd2 axb2+ 24. Kd1 Qxd2+ 25. Kxd2 Rxa2 0-1

[Event "Kecskemet Caissa IM 09"]
[Site "Kecskemet"]
[Date "2013.09.22"]
[Round "2"]
[White "Bird, Andrew"]
[Black "Cuhendi, Sean Winshand"]
[Result "1/2-1/2"]
[WhiteElo "2203"]
[BlackElo "2338"]
[PlyCount "143"]
[EventDate "2013.09.21"]
[EventType "tourn"]
[EventRounds "9"]
[EventCountry "HUN"]
[EventCategory "1"]
[SourceTitle "CBM 156 Extra"]
[Source "ChessBase"]
[SourceDate "2013.10.22"]
[SourceVersion "1"]
[SourceVersionDate "2013.10.22"]
[SourceQuality "1"]

1. d4 Nf6 2. Bg5 Ne4 3. Bf4 d5 4. e3 c5 5. Bd3 Nc6 6. Bxe4 dxe4 7. d5 Nb4 8. Nc3 e6 9. d6 f5 10. Qd2 Bd7 11. f3 Qf6 12. a3 Nd5 13. Nxd5 exd5 14. Qxd5 Qxb2 15. Qe5+ Qxe5 16. Bxe5 0-0-0 17. 0-0-0 Re8 18. f4 Rg8 19. Ne2 g5 20. g3 Bc6 21. Nc3 gxf4 22. Bxf4 Rg6 23. Rd2 b6 24. Rhd1 Kd7 25. Nd5 Bxd5 26. Rxd5 Rf6 27. Be5 Rf7 28. Bf4 Bg7 29. Kb1 c4 30. Ka2 Bc3 31. Rc1 Kc8 32. Rcd1 Kd7 33. Rc1 Ke6 34. Rcd1 Rd7 35. h3 Rg8 36. Rb5 h5 37. h4 Rb8 38. Rdb1 Rdb7 39. Rd1 a6 40. Rbd5 Rd7 41. Kb1 Rc8 42. Ka2 Rc6 43. Kb1 Rc5 44. Rxc5 bxc5 45. Ka2 Rb7 46. Rb1 Rxb1 47. Kxb1 Bf6 48. Ka2 Bg7 49. Kb1 a5 50. a4 c3 51. Ka2 c4 52. Ka3 Bf8 53. Ka2 Bxd6 54. Bxd6 Kxd6 55. Kb1 Kc5 56. Kc1 Kb4 57. Kb1 Kxa4 58. Ka1 Kb5 59. Ka2 Kb4 60. Ka1 Kc5 61. Ka2 Kd5 62. Ka3 Ke5 63. Ka4 f4 64. gxf4+ Kf5 65. Kxa5 Kg4 66. Kb4 Kxh4 67. Kxc3 Kg4 68. Kd2 c3+ 69. Ke2 Kh4 70. Kf2 Kg4 71. Kg2 Kh4 72. Kh2 1/2-1/2

[Event "Kecskemet Caissa IM 07"]
[Site "Kecskemet"]
[Date "2013.07.28"]
[Round "9"]
[White "Horton, Jamie A"]
[Black "Bird, Andrew"]
[Result "1-0"]
[WhiteElo "1982"]
[BlackElo "2231"]
[PlyCount "79"]
[EventDate "2013.07.20"]
[EventType "tourn"]
[EventRounds "10"]
[EventCountry "HUN"]
[SourceTitle "EXT 2014"]
[Source "ChessBase"]
[SourceDate "2013.11.20"]
[SourceVersion "1"]
[SourceVersionDate "2013.11.20"]
[SourceQuality "1"]

1. e4 e5 2. Nf3 Nc6 3. Bc4 Bc5 4. c3 Nf6 5. d3 0-0 6. 0-0 d6 7. Nbd2 a6 8. Bb3 Ba7 9. h3 Ne7 10. Re1 Ng6 11. Nf1 c6 12. Ng3 Be6 13. d4 Bxb3 14. Qxb3 Qc7 15. Bg5 Nd7 16. Rad1 h6 17. Bc1 Ne7 18. Qa3 Rad8 19. Nh4 Rfe8 20. Nhf5 Nxf5 21. Nxf5 Nf6 22. c4 Kh7 23. Qg3 Nh5 24. Qh4 Nf4 25. g3 Ng6 26. Qh5 Rh8 27. dxe5 dxe5 28. Rxd8 Qxd8 29. Rd1 Bd4 30. Kg2 c5 31. Bxh6 Kg8 32. Nxg7 Qf6 33. Nf5 Qc6 34. Qg4 Kh7 35. Bg7 Re8 36. h4 Re6 37. h5 Ne7 38. Nxe7 Rxe7 39. Bf8 Qf6 40. Bxe7 1-0

[Event "Kecskemet Caissa IM 07"]
[Site "Kecskemet"]
[Date "2013.07.26"]
[Round "7"]
[White "Bird, Andrew"]
[Black "Farkas, Tibor"]
[Result "0-1"]
[WhiteElo "2231"]
[BlackElo "2250"]
[PlyCount "144"]
[EventDate "2013.07.20"]
[EventType "tourn"]
[EventRounds "10"]
[EventCountry "HUN"]
[SourceTitle "EXT 2014"]
[Source "ChessBase"]
[SourceDate "2013.11.20"]
[SourceVersion "1"]
[SourceVersionDate "2013.11.20"]
[SourceQuality "1"]

1. d4 Nf6 2. Bg5 e6 3. e4 h6 4. Bxf6 Qxf6 5. c3 d6 6. Bd3 e5 7. Ne2 Nc6 8. 0-0 g5 9. Bb5 Bd7 10. d5 Nb8 11. Bxd7+ Nxd7 12. c4 h5 13. Ng3 g4 14. Nc3 a6 15. b4 Qg6 16. Rc1 Bh6 17. Rc2 Nf6 18. Qd3 Nh7 19. c5 Bf8 20. c6 b6 21. Nf5 Bh6 22. a4 Bg5 23. h4 Bf6 24. g3 0-0 25. Nd1 a5 26. b5 Kh8 27. Nde3 Rac8 28. Nc4 Bd8 29. Rb1 Rg8 30. Kf1 Re8 31. Ke2 Be7 32. Rf1 Bf8 33. Kd1 Nf6 34. Kc1 Ng8 35. f3 Nh6 36. Nxh6 Bxh6+ 37. Kb1 f6 38. fxg4 hxg4 39. Rcf2 Rf8 40. Rf5 Rf7 41. Qe2 Rb8 42. Qf2 Bf8 43. Rxf6 Qxe4+ 44. Qc2 Rxf6 45. Qxe4 Rxf1+ 46. Kc2 Bg7 47. Ne3 Rf2+ 48. Kd1 Rbf8 49. Nxg4 R2f3 50. Ne3 Bh6 51. Ng4 Bg7 52. Ne3 Bh6 53. Ng4 Kg7 54. h5 R3f5 55. Nxh6 Kxh6 56. g4 Rg5 57. Qe3 Rf4 58. Ke2 Rxa4 59. Kd2 Rf4 60. Kc2 Rgxg4 61. Qh3 Rf2+ 62. Kb3 Rfg2 63. Qe3+ Rf4 64. Qh3 Rgg4 65. Qe3 Rg2 66. Qh3 Rfg4 67. Qe3+ Kxh5 68. Qc1 R2g3+ 69. Kb2 Rg1 70. Qe3 R4g2+ 71. Kc3 Rg3 72. Kc4 Rg4+ 0-1

[Event "Kecskemet Caissa IM 07"]
[Site "Kecskemet"]
[Date "2013.07.25"]
[Round "6"]
[White "Kiss, Pal"]
[Black "Bird, Andrew"]
[Result "1/2-1/2"]
[WhiteElo "2348"]
[BlackElo "2231"]
[PlyCount "31"]
[EventDate "2013.07.20"]
[EventType "tourn"]
[EventRounds "10"]
[EventCountry "HUN"]
[SourceTitle "EXT 2014"]
[Source "ChessBase"]
[SourceDate "2013.11.20"]
[SourceVersion "1"]
[SourceVersionDate "2013.11.20"]
[SourceQuality "1"]

1. d4 Nf6 2. c4 e6 3. Nf3 b6 4. g3 Bb7 5. Bg2 Be7 6. 0-0 0-0 7. Nc3 Ne4 8. Bd2 f5 9. d5 Bf6 10. Rc1 Na6 11. a3 Nac5 12. b4 Nxc3 13. Bxc3 Bxc3 14. Rxc3 Ne4 15. Rc2 a5 16. dxe6 1/2-1/2

[Event "Budapest FS07 IM"]
[Site "Budapest"]
[Date "2013.07.16"]
[Round "11"]
[White "Szalanczy, Emil"]
[Black "Bird, Andrew"]
[Result "1-0"]
[WhiteElo "2297"]
[BlackElo "2231"]
[PlyCount "115"]
[EventDate "2013.07.06"]
[EventType "tourn"]
[EventRounds "11"]
[EventCountry "HUN"]
[EventCategory "2"]
[SourceTitle "CBM 155 Extra"]
[Source "ChessBase"]
[SourceDate "2013.08.26"]
[SourceVersion "1"]
[SourceVersionDate "2013.08.26"]
[SourceQuality "1"]

1. e4 e5 2. Nf3 Nc6 3. Bb5 a6 4. Ba4 Nf6 5. 0-0 Nxe4 6. d4 b5 7. Bb3 d5 8. dxe5 Be6 9. Be3 Be7 10. c3 Nc5 11. Nbd2 Nd3 12. Qb1 Ncxe5 13. Nxe5 Nxe5 14. Bd4 Ng6 15. f4 c5 16. f5 cxd4 17. fxe6 fxe6 18. cxd4 Bf6 19. Nf3 Qb6 20. a4 0-0 21. Bc2 Bxd4+ 22. Kh1 e5 23. Qa2 Rad8 24. Rad1 bxa4 25. Qxa4 Bxb2 26. Rxd5 Rxd5 27. Qa2 Qa5 28. Qxb2 Qb5 29. Qa1 Rc5 30. Be4 Kh8 31. Re1 Nf4 32. h3 Qa5 33. Qb1 Rb5 34. Qc2 Rc5 35. Qb1 Qb5 36. Qd1 Qb2 37. Ng5 h6 38. Nf7+ Kg8 39. Nxh6+ gxh6 40. Qg4+ Kf7 41. Qd7+ Kf6 42. Qd6+ Kg7 43. Qxc5 Qb5 44. Qe3 Rf6 45. Rb1 Qe2 46. Qg3+ Ng6 47. Rb7+ Kf8 48. Bxg6 Qf1+ 49. Kh2 Qf4 50. Qxf4 exf4 51. Be4 Ke8 52. Ra7 Kd8 53. h4 Ke8 54. Kh3 Re6 55. Bf3 Kf8 56. Kg4 Rf6 57. Bb7 Rf7 58. Ra8+ 1-0

[Event "Budapest FS07 IM"]
[Site "Budapest"]
[Date "2013.07.14"]
[Round "9"]
[White "Estrada Nieto, Julian"]
[Black "Bird, Andrew"]
[Result "1-0"]
[WhiteElo "2262"]
[BlackElo "2231"]
[PlyCount "101"]
[EventDate "2013.07.06"]
[EventType "tourn"]
[EventRounds "11"]
[EventCountry "HUN"]
[EventCategory "2"]
[SourceTitle "CBM 155 Extra"]
[Source "ChessBase"]
[SourceDate "2013.08.26"]
[SourceVersion "1"]
[SourceVersionDate "2013.08.26"]
[SourceQuality "1"]

1. e4 e5 2. Nf3 Nc6 3. Bb5 Nf6 4. 0-0 Nxe4 5. Re1 Nd6 6. Nxe5 Be7 7. Bf1 Nxe5 8. Rxe5 0-0 9. d4 Bf6 10. Re1 Re8 11. c3 Rxe1 12. Qxe1 Nf5 13. Bd3 d5 14. Bf4 c6 15. Nd2 Nh4 16. Qe2 Be6 17. Nb3 b6 18. Ba6 Bc8 19. a4 Bxa6 20. Qxa6 Qc8 21. Qxc8+ Rxc8 22. a5 Ng6 23. Bg3 b5 24. Bd6 Nf8 25. Bc5 a6 26. Re1 Ne6 27. g3 g6 28. f4 Ra8 29. Kf2 Bg7 30. Kf3 Nxc5 31. Nxc5 Bf8 32. Nd3 Bd6 33. g4 Kf8 34. h4 h6 35. h5 gxh5 36. gxh5 Kg7 37. Rg1+ Kf6 38. Ne5 Rc8 39. Ng4+ Kg7 40. b4 Bf8 41. Ne5+ Kf6 42. Rg8 Ke7 43. Rh8 Rc7 44. Ng4 c5 45. bxc5 b4 46. cxb4 Rb7 47. Ne3 Bg7 48. Ra8 Bxd4 49. Nf5+ Kf6 50. Nxd4 Rxb4 51. Rxa6+ 1-0